[Event "Biel Master Tournament 2019"]
[Site "Biel"]
[Date "2019.07.24"]
[Round "3.3"]
[White "Moussard, Jules"]
[Black "Kamsky, Gata"]
[Result "0-1"]
[WhiteElo "2576"]
[BlackElo "2673"]
[Annotator "TA"]
[PlyCount "62"]
[EventDate "2019.07.20"]
[EventType "swiss"]
[EventCountry "SUI"]
[SourceTitle "playchess.com"]
[Source "ChessBase"]
[SourceQuality "1"]

{[%evp 9,80,41,81,20,18,0,18,0,16,-16,0,-15,0,0,0,-1,0,0,23,0,14,0,8,0,0,13,7,-37,-37,-37,-32,-33,-37,-38,-38,-25,-16,-176,-170,-204,-206,-189,-156,-162,-168,-179,-179,-172,-172,-160,-155,-175,-178,-186,-184,-237,-233,-319,-297,-284,-284,-396,-206,-221,-211,-211,-196,-250,-232,-302,-213,-318,-295]} 1. e4 g6 2. d4 Bg7 3. Nc3 d6 4. Be3 a6 5. h4 h6 6. f4 {B06: Modern Defence} (6. h5 $16) 6... h5 $11 7. Bd3 $146 ({Predecessor:} 7. Nf3 Nh6 8. Bd3 Ng4 9. Bg1 e6 10. Qd2 Nc6 11. O-O-O Bd7 12. Kb1 Ne7 13. Ng5 {0-1 (39) Grigoriants,S (2561)-Petrosian,T (2601) Riadh 2017}) 7... Bg4 8. Qd2 {The position is equal.} (8. Be2 {is more complex.} Nh6 9. Nf3 c6 10. d5 Bxc3+ 11. bxc3 Nd7 12. c4) 8... Nd7 9. Nge2 Rc8 10. O-O c5 11. dxc5 $1 Nxc5 12. Rae1 Nf6 13. f5 $1 {[%cal Rf5g6]} Nxd3 14. cxd3 O-O 15. Nf4 gxf5 (15... d5 {with more complications.} 16. Nfxd5 Nxd5 17. Nxd5 gxf5 18. Bh6 Bd4+) 16. exf5 {White wants to play Nfd5.} e6 17. fxe6 fxe6 18. Ne4 Nxe4 19. dxe4 Kh7 ({Much weaker is} 19... Qxh4 $6 20. Ng6 $16) 20. Rc1 Rxc1 21. Rxc1 Rf7 $36 {[%mdl 2048] Black has good play.} 22. g3 Qd7 23. Rf1 $2 (23. b3 $11) 23... e5 $19 24. Nd3 Rxf1+ 25. Kxf1 Qf7+ 26. Nf2 Qf3 27. Bg5 Bh3+ $1 28. Ke1 Qxg3 29. Kd1 Be6 30. b3 Qg1+ 31. Ke2 Bg4+ {Played: Qg1-g2} 0-1

[Event "Biel Master Tournament 2019"]
[Site "Biel"]
[Date "2019.07.24"]
[Round "3.4"]
[White "Santos Ruiz, Miguel"]
[Black "Jumabayev, Rinat"]
[Result "1/2-1/2"]
[WhiteElo "2567"]
[BlackElo "2633"]
[Annotator "TA"]
[PlyCount "74"]
[EventDate "2019.07.20"]
[EventType "swiss"]
[EventCountry "SUI"]
[SourceTitle "playchess.com"]
[Source "ChessBase"]
[SourceQuality "1"]

{[%evp 18,74,14,-4,10,17,40,24,31,37,38,36,33,38,15,0,0,0,0,0,0,-43,-50,-34,-44,-62,-31,-36,-29,-28,-35,-43,-22,-29,-24,-23,-20,-14,0,0,0,0,0,-26,-17,-54,-1,-1,-1,-1,0,-1,-1,-1,-1,-2,-2,-2,-3]} 1. d4 Nf6 2. c4 g6 3. g3 Bg7 4. Bg2 O-O 5. Nf3 d5 6. cxd5 Nxd5 7. O-O Nb6 8. Nc3 Nc6 9. e3 Re8 10. h3 a5 {D76: Fianchetto Grünfeld: Main Line with 7...Nb6} 11. d5 Nb4 {[%cal Rb6d5,Bc6b4,Bb4a6,Ba6c5][%mdl 32]} 12. e4 c6 {[%cal Rc6d5] White has an edge.} 13. a3 Na6 14. dxc6 Qxd1 15. Rxd1 bxc6 {[#]} 16. Bf1 $146 ({Predecessor:} 16. Rb1 Rb8 17. Nd4 Bd7 18. b3 {½-½ (77) Voyna,A (2617)-Danek,L (2546) ICCF corr 2002}) 16... Bxc3 17. bxc3 Na4 18. Ne5 N6c5 19. Bc4 ({But not} 19. Nxc6 Nxc3 20. Be3 Nb3 $17) 19... Be6 20. Bxe6 Nxe6 21. Nxc6 Ra6 22. Nd4 $1 Nxc3 23. Nxe6 $1 Rxe6 ({Reject} 23... Nxd1 $6 24. Nc7 $14) 24. Rd7 Nxe4 25. Ra7 Rc8 26. Kg2 f6 27. Rxa5 Nd6 28. Bf4 Nc4 29. Rb5 g5 30. Bc1 Re1 31. a4 Rd1 ({Black should try} 31... Nd6 $15 32. Rbb1 Rc2) 32. Rbb1 {The position is equal.} Kf7 33. Kf3 h5 34. Be3 Nxe3 35. Rxd1 Nxd1 36. Rxd1 Rc3+ 37. Kg2 Ra3 {Accuracy: White = 79%, Black = 70%.} 1/2-1/2

[Event "Biel Master Tournament 2019"]
[Site "Biel"]
[Date "2019.07.24"]
[Round "3.5"]
[White "Puranik, Abhimanyu"]
[Black "Martirosyan, Haik M."]
[Result "1/2-1/2"]
[WhiteElo "2550"]
[BlackElo "2619"]
[Annotator "TA"]
[PlyCount "86"]
[EventDate "2019.07.20"]
[EventType "swiss"]
[EventCountry "SUI"]
[SourceTitle "playchess.com"]
[Source "ChessBase"]
[SourceQuality "1"]

{[%evp 19,86,-26,-30,-19,-16,-24,-20,-31,-26,-31,-30,-39,-37,-31,-31,-32,-26,-18,-18,-18,-18,-22,-15,-18,0,-3,0,-20,-14,-21,-7,0,0,-52,-52,-16,38,47,40,43,62,-98,-102,-105,-18,-14,14,15,18,30,11,14,18,12,15,13,31,33,22,24,35,14,35,35,35,35,31,31,42]} 1. e4 e6 2. d4 d5 3. e5 c5 4. c3 Nc6 5. Nf3 Qb6 6. a3 c4 7. Nbd2 Na5 8. g3 h6 9. Bg2 Bd7 10. O-O Ne7 11. Rb1 {C02: French: Advance Variation} Qc7 12. Re1 O-O-O (12... Nc8 13. h4 Nb6 14. Nf1 Ba4 15. Qe2 O-O-O 16. Bf4 Be7 17. g4 Rdg8 18. Bg3 Kb8 {0-1 (69) Tan,Z (2508)-Ni,H (2683) Makati 2018}) 13. Qe2 $146 {The position is equal.} ({Predecessor:} 13. h4 Nf5 14. Nf1 Be7 15. Ne3 Nxe3 16. Bxe3 Nb3 17. h5 Rdg8 18. Nh2 Qd8 {1-0 (30) Liu,G (2432)-Xi,Q (2181) Daqing 2018}) 13... Ba4 14. Nf1 Kb8 15. h4 Nc8 16. Ne3 Be7 17. Bh3 Nb3 (17... Rdg8 {feels hotter.} 18. h5 Qd7 19. Bg2 Qb5 20. Nd2 Nb6) 18. Ng2 Nxc1 19. Rbxc1 Nb6 20. Bg4 Qc6 21. Qd2 Qe8 22. Nh2 Rc8 {[%cal Bd8c8,Bc8c6,Bc6b6,Bb6b3][%mdl 32]} 23. Rf1 Qg8 24. Bd1 Qh7 25. Bxa4 Nxa4 26. Rb1 (26. Qc2 $11 Qxc2 27. Rxc2) 26... Rc6 $1 $15 27. f4 Qd3 (27... f6 $11) 28. Qxd3 $1 $14 cxd3 29. Ne3 $1 Rb6 30. c4 $2 {[#]} (30. Nd1 $1 $14 {is the one way to stay ahead.}) 30... dxc4 $17 ({Inferior is} 30... Nxb2 31. c5 $16) 31. Nxc4 Rb3 (31... Rb5 $17 {Black wants to play ...Rc8.} 32. Nf3 Rc8) 32. Nf3 $11 Rc8 33. Nfd2 Rb5 34. Kf2 Rd5 35. Ke3 b5 36. Na5 $1 Bd8 $1 {[%cal Rd8a5]} 37. Nab3 Bb6 38. Nf3 Rc2 39. Rf2 {[#]} b4 $1 {[%mdl 512] White must now prevent ...Rb5.} 40. axb4 Rb5 41. Rxc2 {White is slightly better.} dxc2 42. Rc1 Rxb4 43. Nfd2 Nxb2 {Accuracy: White = 63%, Black = 58%.} 1/2-1/2

[Event "Biel Master Tournament 2019"]
[Site "Biel"]
[Date "2019.07.24"]
[Round "3.6"]
[White "Donchenko, Alexander"]
[Black "Bellahcene, Bilel"]
[Result "1-0"]
[WhiteElo "2615"]
[BlackElo "2541"]
[Annotator "TA"]
[PlyCount "94"]
[EventDate "2019.07.20"]
[EventType "swiss"]
[EventCountry "SUI"]
[SourceTitle "playchess.com"]
[Source "ChessBase"]
[SourceQuality "1"]

{[%evp 13,94,11,20,9,8,11,22,20,22,0,6,4,8,3,18,0,3,0,8,0,0,0,0,0,11,10,1,7,64,74,51,43,102,0,0,0,91,0,148,154,152,145,150,155,172,162,195,197,213,211,209,177,245,202,198,202,206,200,210,174,174,174,403,393,382,297,265,251,431,450,668,642,813,792,748,711,1458,1499,2581,2132,2193,1537,29986]} 1. c4 Nf6 2. g3 e6 3. Bg2 d5 4. Nf3 dxc4 5. Qa4+ c6 6. Qxc4 b5 7. Qc2 Bb7 8. a4 {A13: English Opening: 1...e6} (8. O-O Be7 9. d3 O-O 10. a4 a6 11. Nc3 Nbd7 12. Rd1 Rc8 13. h3 Qb6 14. e4 c5 15. Be3 Rfd8 16. Rac1 h6 17. axb5 axb5 {1-0 (73) Duda,J (2737)-Karjakin,S (2773) chess.com INT 2018}) 8... Nbd7 9. O-O a6 10. Nc3 {The position is equal.} Be7 11. d4 c5 12. axb5 axb5 13. Rxa8 Qxa8 14. dxc5 Bxc5 15. Nxb5 {Hoping for Nc7+.} O-O $1 {[#]} 16. Nc3 $146 ({Predecessor:} 16. Ne1 Rc8 17. Bxb7 Qxb7 18. Nc3 h6 19. Nd3 Bd4 {½-½ (19) Gonda,L (2532)-Blagojevic,D (2488) Nova Gorica 2016}) 16... Rc8 17. Qa4 Ba7 $1 {Threatens to win with ...Rxc3!} 18. Qb4 Ne5 {[%cal Re5f3]} 19. Ne1 Bxg2 20. Nxg2 Neg4 (20... Rb8 $11 21. Qf4 Nc6) 21. h3 $1 $36 {[%cal Rh3g4][%mdl 2048] White is on the roll.} Nxf2 {[%mdl 64] Decoy} 22. Rxf2 {Strongly threatening Be3.} Ne4 ({Black should play} 22... Nd5 $1 $14 23. Qe4 Bxf2+ 24. Kxf2 Qc6) 23. Be3 ({But not} 23. Qxe4 Qxe4 24. Nxe4 Rxc1+ 25. Kh2 Bxf2 $15) (23. Nxe4 $16 Rxc1+ 24. Kh2 Bxf2 25. Nxf2) 23... Nxf2 $11 24. Kxf2 Bb8 (24... Rb8 $11 25. Qd6 Rxb2) 25. Qe4 ({Better is} 25. Ne1 $16) 25... Qa5 (25... Qxe4 $11 {keeps the balance.} 26. Nxe4 Be5) 26. Nf4 $16 h6 27. h4 Ba7 28. Nd3 Bb8 29. Kg2 Rd8 30. Qg4 Kh7 31. Qf3 Kg8 32. Ne4 Qd5 (32... Qa2 $142 33. Nec5 Bc7) 33. Nec5 Qc4 34. b4 Rd5 35. Qe4 Qb5 36. Bf2 Qc6 37. Kh2 g5 $2 (37... Qb5 {keeps fighting.} 38. Be1 Qb6) 38. hxg5 $18 hxg5 39. Kg1 Bd6 40. Qh1 Be7 $2 {[#]} (40... Qb5 41. Ne4 Kg7) 41. Bd4 $1 {[%csl Gd4][%cal Rh1h8][%mdl 576] Pin. White is clearly winning.} f6 (41... e5 $142 42. Bxe5 (42. Nxe5 Qd6 $16) 42... f6) (41... Rxd4 42. Qxc6) 42. Qe4 e5 {[#] intending ...f5.} 43. b5 $1 {[%cal Bb4b5,Bb5b6,Bb6b7][%mdl 32]} Qd6 (43... Qxb5 44. Qg6+) 44. Bf2 Kg7 {[#]} 45. b6 $1 Bd8 (45... Qxb6 46. Qxd5) 46. b7 Bc7 47. Qc4 Qc6 {Accuracy: White = 63%, Black = 34%.} 1-0

[Event "Biel Master Tournament 2019"]
[Site "Biel"]
[Date "2019.07.24"]
[Round "3.7"]
[White "Shchekachev, Andrei"]
[Black "Erdos, Viktor"]
[Result "0-1"]
[WhiteElo "2531"]
[BlackElo "2603"]
[Annotator "TA"]
[PlyCount "72"]
[EventDate "2019.07.20"]
[EventType "swiss"]
[EventCountry "SUI"]
[SourceTitle "playchess.com"]
[Source "ChessBase"]
[SourceQuality "1"]

{[%evp 11,72,15,30,23,26,25,50,41,47,6,16,14,14,12,7,22,9,6,18,9,4,0,0,0,0,-38,-37,-47,-6,-6,-5,-6,-6,-6,0,-3,-7,-69,-69,-69,-77,-77,-81,-68,-74,-237,-240,-318,-197,-198,-193,-188,-179,-549,-530,-512,-363,-352,-342,-341,-339,-331,-319]} 1. Nf3 Nf6 2. c4 g6 3. Nc3 d5 4. cxd5 Nxd5 5. Qb3 Nb6 6. d4 Bg7 7. Bf4 {D90: Grünfeld: 4 Nf3 Bg7 sidelines} Be6 8. Qa3 c5 9. Qxc5 {White is slightly better.} Nc6 10. e3 (10. e4 {is interesting.} Nxd4 11. Nxd4 Qxd4 12. Qxd4 Bxd4 13. Nb5) 10... Rc8 {[#] aiming for ...Nxd4.} 11. Qa3 O-O 12. Be2 Nc4 13. Qa4 Nxb2 14. Qb5 Qb6 15. Qxb6 axb6 {[#]} 16. Kd2 $146 ({Predecessor:} 16. Rb1) 16... Nc4+ 17. Bxc4 $1 Bxc4 18. Rhc1 (18. Na4 $5 {[%cal Ra4b6]} e5 19. Bxe5 Bxe5 20. Nxb6 $11) 18... b5 {[%cal Bb6b5,Bb5b4][%mdl 32]} 19. Rab1 $1 b4 (19... Ra8 $5 {[%cal Rb5b4]} 20. Rb2 b4 $15) 20. Na4 $1 Bxa2 21. Rb2 $132 {[%mdl 2048] White puts up resistance} b3 {Black wants to play ...f6.} 22. Nb6 Rcd8 23. Ke2 Rfe8 {White should prevent ...e5.} 24. Rc5 {[#]} (24. Bc7 $11) 24... e5 $1 $15 {[%mdl 512]} 25. Bxe5 (25. dxe5 f6) 25... f6 26. Bc7 Nxd4+ $1 27. Nxd4 Rxd4 28. f4 $2 (28. Be5 $17 Rdd8 29. Bc3) 28... Bf8 $19 29. Rb5 Ba3 30. R2xb3 Bxb3 31. Rxb3 Bc5 32. Kf3 $2 (32. Be5 Rdd8 33. Bc7 Bxb6 34. Bxb6) 32... Rb4 33. Rxb4 {Rb3 is the strong threat.} Bxb4 34. Nd5 Be7 35. Bb6 Kf7 36. e4 Rc8 {Accuracy: White = 55%, Black = 87%.} 0-1

[Event "Biel Master Tournament 2019"]
[Site "Biel"]
[Date "2019.07.24"]
[Round "3.8"]
[White "Tabatabaei, M.amin"]
[Black "Mastrovasilis, Athanasios"]
[Result "0-1"]
[WhiteElo "2601"]
[BlackElo "2518"]
[Annotator "TA"]
[PlyCount "56"]
[EventDate "2019.07.20"]
[EventType "swiss"]
[EventCountry "SUI"]
[SourceTitle "playchess.com"]
[Source "ChessBase"]
[SourceQuality "1"]

{[%evp 10,90,26,23,26,26,50,49,53,57,86,59,83,63,55,0,0,-82,-102,-242,-231,-236,-208,-304,-304,-372,-362,-411,-405,-418,-427,-512,-516,-597,-593,-619,-650,-643,-622,-655,-656,-648,-613,-672,-650,-715,-660,-865,-806,-904,-875,-982,-674,-629,-489,-470,-443,-437,-449,-441,-436,-437,-437,-469,-460,-510,-508,-548,-560,-629,-627,-706,-691,-760,-785,-785,-778,-786,-791,-788,-776,-729,-712]} 1. Nf3 d5 2. g3 c6 3. c4 Nf6 4. Bg2 Bf5 5. Qb3 Qb6 6. d3 e6 {A11: English Opening: 1...c6} 7. Be3 dxc4 (7... Qxb3 8. axb3 a6 9. Bd2 Nbd7 10. Bc3 Be7 11. Nbd2 c5 12. Ne5 d4 13. Nxd7 Nxd7 14. Ba5 {1-0 (45) Giri,A (2783)-Aronian,L (2765) St Petersburg 2018}) 8. Qxc4 Qxb2 {White is slightly better.} 9. O-O $146 ({Predecessor:} 9. Bd4 Qb4+ 10. Nbd2 Qxc4 11. Nxc4 Na6 12. O-O Bc5 13. Rab1 Bxd4 14. Nxd4 {0-1 (26) Hillarp Persson,T (2537)-Alekseenko,K (2590) Stockholm 2018}) 9... Nd5 {[#]} (9... Qxa1 $2 {loses.} 10. Bd4 $18) 10. Bd4 $1 {[%cal Rd4b2]} Qxe2 11. Qb3 Nb4 12. Na3 (12. Ne1 $1 $14 Bxd3 13. Nc3) 12... Qxd3 $11 13. Qb2 (13. Bc3 $1 $11 Nd5 14. Qxb7 Qxc3 15. Qxa8) 13... Qa6 $17 14. Bxg7 {[#]} (14. Nh4 $17 Bd3 15. Bxg7 Bxg7 16. Qxg7) 14... Nd3 $1 $19 {[%csl LRa3,LRb2][%cal Rd3b2]} 15. Qc3 Bxa3 16. Bxh8 (16. Rfb1 $142 Rg8 17. Nd4) 16... Bb2 {[%mdl 64] Double Attack} 17. Qd2 Bxh8 18. Rad1 Bf6 19. g4 Bg6 20. Ne1 {[%cal Re1d3] Black is clearly winning.} Nb2 21. Rc1 Nd7 22. h4 O-O-O 23. h5 Bd3 24. g5 Bh8 25. Nxd3 Nxd3 26. Rcd1 N7c5 27. Qe3 Qc4 28. Rb1 Nf4 {Played: Qc4-g4} 0-1

[Event "Biel Master Tournament 2019"]
[Site "Biel"]
[Date "2019.07.24"]
[Round "3.9"]
[White "Stany, G.A."]
[Black "Gopal G.N."]
[Result "1/2-1/2"]
[WhiteElo "2525"]
[BlackElo "2594"]
[Annotator "ChessBase"]
[PlyCount "80"]
[EventDate "2019.07.20"]
[EventType "swiss"]
[EventCountry "SUI"]
[SourceTitle "playchess.com"]
[Source "ChessBase"]
[SourceQuality "1"]
[TimeControl "40/5400+30:1800+30"]

1. e4 {[%emt 0:00:00]} c5 {[%emt 0:00:00]} 2. Nf3 {[%emt 0:00:00]} d6 {[%emt 0:00:00]} 3. d4 {[%emt 0:00:00]} cxd4 {[%emt 0:00:00]} 4. Nxd4 {[%emt 0:00:00]} Nf6 {[%emt 0:00:00]} 5. Nc3 {[%emt 0:00:00]} a6 {[%emt 0:00:00]} 6. Bd3 {[%emt 0:00:00]} e5 {[%emt 0:00:00]} 7. Nde2 {[%emt 0:00:00]} Be7 {[%emt 0:00:43]} 8. O-O {[%emt 0:00:04]} Be6 {[%emt 0:03:05]} 9. f4 {[%emt 0:00:37]} exf4 {[%emt 0:02:25]} 10. Nxf4 {[%emt 0:00:24]} Nc6 {[%emt 0:01:42]} 11. Nxe6 {[%emt 0:13:19]} fxe6 {[%emt 0:00:45]} 12. Bc4 {[%emt 0:01:57]} Qd7 {[%emt 0:14:10]} 13. Bf4 {[%emt 0:03:07]} b5 {[%emt 0:06:51]} 14. Bb3 {[%emt 0:01:18]} Na5 {[%emt 0:01:29]} 15. Bg5 {[%emt 0:12:35]} Nxb3 {[%emt 0:08:17]} 16. axb3 {[%emt 0:00:20]} b4 {[%emt 0:02:55]} 17. Na4 {[%emt 0:15:01]} O-O {[%emt 0:05:06]} 18. Nb6 {[%emt 0:05:25]} Qb5 {[%emt 0:07:03]} 19. Be3 {[%emt 0:12:18]} Rab8 {[%emt 0:11:01]} 20. Nc4 {[%emt 0:00:24]} d5 {[%emt 0:06:52]} 21. Ra5 {[%emt 0:11:35]} Qb7 {[%emt 0:07:12]} 22. exd5 {[%emt 0:00:36]} exd5 {[%emt 0:00:16]} 23. Nd2 {[%emt 0:08:09]} Bd8 {[%emt 0:08:04]} 24. Ra1 {[%emt 0:00:11]} Bb6 {[%emt 0:00:15]} 25. Bxb6 {[%emt 0:00:14]} Qxb6+ {[%emt 0:00:01]} 26. Kh1 {[%emt 0:00:06]} Qd4 {[%emt 0:04:34]} 27. Nf3 {[%emt 0:02:00]} Qxb2 {[%emt 0:00:08]} 28. Rxa6 {[%emt 0:01:38]} Rbc8 {[%emt 0:02:15]} 29. Ne1 {[%emt 0:00:32]} Qc3 {[%emt 0:03:08]} 30. Rf3 {[%emt 0:03:00]} Qe5 {[%emt 0:02:07]} 31. Nd3 {[%emt 0:00:17]} Qc3 {[%emt 0:00:51]} 32. h3 {[%emt 0:05:30]} h6 {[%emt 0:01:29]} 33. Ne1 {[%emt 0:00:42]} Qc5 {[%emt 0:02:27]} 34. Nd3 {[%emt 0:01:10]} Qxc2 {[%emt 0:00:33]} 35. Qxc2 {[%emt 0:00:04]} Rxc2 {[%emt 0:00:01]} 36. Nxb4 {[%emt 0:00:06]} Rb2 {[%emt 0:00:38]} 37. Rd6 {[%emt 0:01:47]} Rb8 {[%emt 0:00:49]} 38. Nxd5 {[%emt 0:00:10]} Nxd5 {[%emt 0:00:04]} 39. Rxd5 {[%emt 0:00:04]} R2xb3 {[%emt 0:00:06]} 40. Rxb3 {[%emt 0:00:03]} Rxb3 {[%emt 0:00:03]} 1/2-1/2

[Event "Biel Master Tournament 2019"]
[Site "Biel"]
[Date "2019.07.24"]
[Round "3.10"]
[White "Keymer, Vincent"]
[Black "Petrosyan, Manuel"]
[Result "1/2-1/2"]
[WhiteElo "2513"]
[BlackElo "2592"]
[Annotator "ChessBase"]
[PlyCount "56"]
[EventDate "2019.07.20"]
[EventType "swiss"]
[EventCountry "SUI"]
[SourceTitle "playchess.com"]
[Source "ChessBase"]
[SourceQuality "1"]
[TimeControl "40/5400+30:1800+30"]

1. d4 {[%emt 0:00:00]} Nf6 {[%emt 0:00:30]} 2. c4 {[%emt 0:00:00]} e6 {[%emt 0:00:08]} 3. Nf3 {[%emt 0:00:00]} d5 {[%emt 0:00:16]} 4. Nc3 {[%emt 0:00:00]} Bb4 {[%emt 0:00:21]} 5. cxd5 {[%emt 0:00:00]} exd5 {[%emt 0:00:06]} 6. Bg5 {[%emt 0:00:04]} h6 {[%emt 0:00:57]} 7. Bh4 {[%emt 0:00:04]} Bf5 {[%emt 0:01:14]} 8. e3 {[%emt 0:04:07]} Nbd7 {[%emt 0:03:46]} 9. Be2 {[%emt 0:13:46]} c6 {[%emt 0:08:39]} 10. O-O {[%emt 0:11:11]} Bd6 {[%emt 0:05:15]} 11. Bg3 {[%emt 0:06:18]} Bxg3 {[%emt 0:02:43]} 12. hxg3 {[%emt 0:00:09]} a5 {[%emt 0:03:35]} 13. Nh4 {[%emt 0:14:33]} Bh7 {[%emt 0:05:00]} 14. g4 {[%emt 0:09:19]} O-O {[%emt 0:08:58]} 15. g3 {[%emt 0:02:02]} Ne8 {[%emt 0:01:39]} 16. Ng2 {[%emt 0:04:51]} Nd6 {[%emt 0:06:21]} 17. Nf4 {[%emt 0:01:14]} Qe7 {[%emt 0:06:37]} 18. Kg2 {[%emt 0:03:24]} f5 {[%emt 0:02:16]} 19. gxf5 {[%emt 0:03:02]} Bxf5 {[%emt 0:03:44]} 20. Bd3 {[%emt 0:00:44]} Qf7 {[%emt 0:06:32]} 21. Bxf5 {[%emt 0:03:10]} Qxf5 {[%emt 0:03:00]} 22. Qd3 {[%emt 0:03:08]} Qf6 {[%emt 0:10:58]} 23. Qg6 {[%emt 0:05:52]} Qxg6 {[%emt 0:01:09]} 24. Nxg6 {[%emt 0:00:04]} Rfe8 {[%emt 0:00:14]} 25. a4 {[%emt 0:01:46]} Kf7 {[%emt 0:03:11]} 26. Nf4 {[%emt 0:01:18]} g5 {[%emt 0:01:05]} 27. Nd3 {[%emt 0:00:22]} h5 {[%emt 0:01:00]} 28. Rae1 {[%emt 0:03:57]} Kg7 {[%emt 0:03:10]} 1/2-1/2

[Event "Biel Master Tournament 2019"]
[Site "Biel"]
[Date "2019.07.24"]
[Round "3.11"]
[White "Salem, A.R. Saleh"]
[Black "Drozdowski, Kacper"]
[Result "1-0"]
[WhiteElo "2672"]
[BlackElo "2485"]
[Annotator "TA"]
[PlyCount "111"]
[EventDate "2019.07.20"]
[EventType "swiss"]
[EventCountry "SUI"]
[SourceTitle "playchess.com"]
[Source "ChessBase"]
[SourceQuality "1"]

{[%evp 15,111,16,27,24,30,33,44,28,33,26,56,38,58,43,53,23,29,33,46,22,34,-9,38,16,29,22,20,0,64,56,40,30,33,39,27,27,36,26,26,26,26,31,34,31,63,48,49,29,39,19,8,4,11,19,10,8,8,8,39,49,93,43,70,47,45,37,28,32,66,0,0,0,0,0,0,-66,-6,-55,0,-23,81,44,119,116,312,302,417,247,246,249,466,452,1558,2643,2355,2568,2062,2011]} 1. e4 e5 2. Nf3 Nc6 3. Bb5 Nf6 4. d3 d6 5. c3 Bd7 6. O-O g6 7. Nbd2 Bg7 8. Re1 O-O 9. Ba4 {C66: Ruy Lopez: Steinitz Defence} Kh8 (9... Nh5 10. Nf1 Kh8 11. h3 f5 12. exf5 gxf5 13. d4 e4 14. Ng5 Nf6 15. d5 Ne5 16. Bxd7 Qxd7 {1-0 (42) Caruana,F (2804)-Kramnik,V (2812) Paris 2016}) 10. d4 Qe8 11. dxe5 $146 {White is slightly better.} ({Predecessor:} 11. Bc2 Nh5 12. dxe5 dxe5 13. b4 Rd8 14. a4 Nf4 15. g3 Nh3+ 16. Kg2 Bg4 {0-1 (27) Alekseenko,K (2468)-Chigaev,M (2483) Kolomna 2014}) 11... dxe5 12. Nc4 Rd8 13. Bg5 h6 14. Bxf6 Bxf6 15. Qc1 {And now Bxc6 would win.} Kh7 16. Ne3 Be6 17. h4 Qe7 18. Bb3 Bg7 19. h5 gxh5 20. Qc2 Na5 21. Bd5 b5 (21... Bg4 $11) 22. a4 $14 b4 $1 23. Rad1 c6 24. Bxe6 fxe6 25. Rxd8 Rxd8 26. Rd1 Rxd1+ 27. Qxd1 bxc3 28. bxc3 Nb7 29. Nc4 {[%mdl 1024] White has compensation.} Qc5 30. Qd3 Kg8 31. Nfd2 {[#] aiming for Qd7.} Qe7 32. Qb1 Nc5 33. a5 Kh7 34. Nf3 Qc7 35. Qc1 Qb8 36. Qe3 $36 {[%mdl 2048] White is more active.} Nd7 37. Nfd2 Nf6 38. Qg3 Ng4 39. f3 Nf6 40. Qh3 Qe8 41. Qh4 Qb8 42. Qh3 (42. Kf2 $14) 42... Qe8 $11 43. Kf1 Nd7 44. Qh4 Bf6 45. Qh3 (45. Qf2 $11 Qb8 46. g3) 45... Bg5 (45... Nc5 $15) 46. Nd6 Qe7 (46... Qg8 $5 {[%cal Rg5d2]} 47. Nb3 h4 $11) 47. N2c4 Nf6 (47... h4 $11 {keeps the balance.}) 48. Qg3 Bf4 (48... h4 $14 49. Qxe5 Nh5) 49. Qf2 $16 Qd7 $2 {[#]} (49... Qc7 $16 {might work better.}) 50. g3 $1 $18 {[%cal Rg3f4]} Bg5 51. Qc5 (51. Nxe5 $142 Qc7 52. f4) 51... h4 52. Nxe5 {[%mdl 64] Double Attack} Qg7 $2 (52... Qe7 53. f4 (53. Nxc6 Nd7 $16) 53... Ne8 54. fxg5 Nxd6) 53. f4 {White is clearly winning.} Qf8 (53... Bxf4 $142 54. gxf4 Nh5) 54. Qxa7+ Kg8 55. Qf7+ Qxf7 56. Nexf7 {Accuracy: White = 48%, Black = 38%.} 1-0